[Event "POL-ch 62nd"]
[Site "Poznan"]
[Date "2005.05.05"]
[Round "13"]
[White "Urban, Klaudiusz"]
[Black "Kempinski, Robert"]
[Result "1/2-1/2"]
[WhiteElo "2497"]
[BlackElo "2627"]
[Annotator "Krasenkow,M"]
[PlyCount "70"]
[EventDate "2005.04.21"]
[EventType "tourn"]
[EventRounds "13"]
[EventCountry "POL"]
[EventCategory "12"]
[SourceTitle "CBM 107"]
[Source "ChessBase"]
[SourceDate "2005.08.01"]
[SourceVersion "1"]
[SourceVersionDate "2005.08.01"]
[SourceQuality "1"]

1. d4 Nf6 2. c4 g6 3. Nf3 Bg7 4. g3 d5 5. cxd5 Nxd5 6. Bg2 Nb6 7. O-O Nc6 8.
Nc3 O-O 9. d5 Na5 10. e4 c6 11. Bf4 (11. Qc2 {is more popular.}) 11... cxd5 12.
exd5 Nac4 13. Qe2 Bf5 (13... Nxb2 14. Qxb2 Na4 15. Nxa4 Bxb2 16. Nxb2 Qxd5 {
is considered slightly favourable for White, despite Black's formal material
advantage.}) ({The other possible moves are:} 13... Bg4) (13... Bd7) (13... Re8
) (13... e5) ({or even} 13... h6) 14. Rac1 Rc8 15. b3 (15. Rfd1 $6 Nxb2 16.
Qxb2 Rxc3 17. Rxc3 Na4) (15. Nh4 Bd7 16. b3 Nd6 17. Be5 Bg4 18. f3 Bxe5 19.
Qxe5 Bd7 20. f4 Re8 21. a4 a5 22. Ne4 Bg4 23. h3 Nd7 24. Qd4 Nxe4 25. Qxe4 Qb6+
26. Kh2 Nf6 27. Qd3 Bd7 $11 {1/2-1/2 Lin Weiguo-Ye Jiangchuan/Beijing 1997/CBM
061 (39)}) (15. Rfe1 $5 {(this needs more tests)} Re8 (15... Nxb2 16. Qxb2 Rxc3
17. Rxc3 Na4 18. Qxb7 Nxc3 19. Ne5 $16) 16. Nh4 Bd7 17. b3 e5 {a typical
counterblow but...} 18. dxe6 Rxe6 19. Ne4 f5 20. bxc4 fxe4 21. Red1 Qe8 22. c5
Na4 (22... Bb5 $5) 23. Bh3 Nxc5 24. Bxe6+ Bxe6 25. Be3 $16 {1-0 Turgut,
T-Lubashov,A/ICCF Email 2002/ICCF Telechess CBM 94 (33)}) 15... Nd6 16. Be5 {
Is the exchange of the dark-squared bishops favorable for White in this
structure? A good question, to which I don't know the general answer. On one
hand, the black bishop is quite strong and its exchange somewhat weakens the
position of the black king, which may be important in future. On the other
hand, the white bishop is also strong and exerts pressure upon Black's
queenside. I believe, everything depends on the particular position. Here, for
instance, the alternative is} (16. Ne5 {e.g.} Nd7 (16... h6 $5) 17. Nc4 Nxc4
18. bxc4 Nc5 19. Rfd1 Qa5 (19... Qd7 $142 {and Black is fine}) 20. Nb5 Rfe8 21.
Be3 a6 $2 (21... Bd7 22. d6 $5) 22. Bxc5 axb5 (22... Rxc5 $2 23. Nd6) 23. cxb5
Bd7 24. Bf1 $16 {1-0 Jakovljevic,V-Breznik,K/Bled 2000/CBM 075 ext (30)}) 16...
Bh6 {Black evades the bishop exchange at the moment, in order to seize the
c-file.} (16... Bxe5 17. Nxe5 Nd7 18. Rfe1 Nxe5 19. Qxe5 Re8 20. h3 $14 {
A typical position with a small but steady advantage for White (space!).}) (
16... Re8 17. Bxg7 Kxg7 18. Nd4 Qd7 19. Rfe1 Kg8 20. Qd2 Kg7 21. Re3 $14 {
Here is a brilliant game of little-known players:} Bh3 $2 22. Ne6+ $1 Bxe6 23.
dxe6 fxe6 24. Rce1 Nf5 25. Rd3 Qc7 26. Ne4 h6 27. g4 Nd6 (27... Nh4 $2 28. Rh3
$1) 28. g5 $1 h5 29. Qb2+ Kg8 30. Rxd6 $1 exd6 31. Nf6+ Kf8 (31... Kf7 32. Nxe8
Rxe8 33. Qf6+ {-that's why 28.g5!}) 32. Nxe8 Rxe8 33. Qh8+ Ke7 34. Rxe6+ $1
Kxe6 35. Qxe8+ Kf5 36. Qe3 Qc2 37. Bh3# {1-0 Hjelm,N-Nylen,A/Haninge 1997/EXT
99}) (16... e6 $6 {Donev} 17. dxe6 $16 ({but not} 17. Bxg7 Kxg7 18. dxe6 Bxe6
19. Rfd1 Qf6 $1 $13)) 17. Rcd1 Nd7 $146 {[%mdl 8]} (17... Qd7 18. Bd4 (18. a4
$5) 18... Bg4 19. h3 (19. Rfe1 $5) 19... Nf5 $6 (19... Bxh3 $4 20. Ne5 Qf5 21.
g4 $18) (19... Bxf3 $142 20. Bxf3 Nf5 21. Bxb6 Rxc3 $5 $13) 20. hxg4 Nxd4 21.
Nxd4 Rxc3 22. Rfe1 $14 {1-0 Krasenkow,M-Dvoirys,S/Podolsk 1993/Inf 59/
[Krasenkow,M] (23)}) (17... Re8 18. Bd4 (18. h3 $5) 18... Bg4 19. h3 Nf5 20.
Be5 $2 (20. hxg4) 20... Bxf3 21. Qxf3 f6 22. Bd4 Nxd4 23. Rxd4 e5 24. Rdd1 f5
$17 {0-1 Salo,T-Holmsten,A/Turku 1999/EXT 2000 (45)}) 18. Bd4 Bg7 {Black comes
back to the idea of trading the bishops in a more favorable situation (the c3
knight is hanging and he has already played ...Nb6-d7).} (18... Re8 {[%cal
Yd8a5]} 19. h3 $14 {[%cal Rg3g4]}) 19. Bxg7 Kxg7 20. Rc1 {White appears to
have nothing better but now Black has gained a pure tempo comparing to the
position after 16.Be5 - 17.Bxg7 Kxg7.} (20. Qe3 Nf6 {and Rd1-c1 will be
necessary anyway.}) 20... Nf6 21. Ne5 {Allowing the queen sortie, after which
Black obtains a good position.} (21. Nd4 $5 Re8 $5 {[%cal Yd8a5]} 22. h3 $5 Qa5
23. Qe3) 21... Qa5 {[%cal Oc8c3,Ce5c4,Cc4a5,Yc8c7,Yf8c8]} 22. Nc4 $1 {Should
Black succeed in doubling rooks along the c-file, White could get into trouble.
Therefore he decides to change the pawn structure.} Nxc4 23. bxc4 Qc5 24. h3 h5
(24... Qxc4 $6 25. Qxe7) 25. Rfd1 Rfe8 {Black's blockade of the dark squares
doesn't look too solid (the queen!); still, it's quite enough to restrict
White's active possibilities.} 26. Nb5 {[%cal Yb5d4,Yd4b3] Trying to lift the
blockade but...} Bd7 $1 27. Nd4 Ba4 {Just in time!} 28. Nb3 Qb4 29. Qd3 b6 30.
Re1 Bxb3 31. axb3 a5 32. Ra1 Rc7 33. Re3 Qd6 34. Rae1 Ra7 35. Qd4 Kg8 {[%cal
Ya5a4] Every attempt to break Black's solid position would result in
weaknesses in White's camp; therefore he doesn't want to take risk although 36.
g4!? /\ 37.Bf3 was possible.} 1/2-1/2

[Event "Corus-C"]
[Site "Wijk aan Zee"]
[Date "2006.01.16"]
[Round "3"]
[White "Adly, Ahmed"]
[Black "Van der Weide, Karel"]
[Result "1-0"]
[WhiteElo "2473"]
[BlackElo "2466"]
[Annotator "Krasenkow,M"]
[PlyCount "127"]
[EventDate "2006.01.14"]
[EventType "tourn"]
[EventRounds "13"]
[EventCountry "NED"]
[EventCategory "9"]
[SourceTitle "CBM 111"]
[Source "ChessBase"]
[SourceDate "2006.04.04"]
[SourceVersion "1"]
[SourceVersionDate "2006.04.04"]
[SourceQuality "1"]

1. d4 Nf6 2. Nf3 g6 3. c4 Bg7 4. g3 d5 5. cxd5 Nxd5 6. Bg2 Nb6 7. Nc3 Nc6 8. e3
e5 9. d5 Ne7 {A rare move nowadays.} (9... Na5) (9... e4) 10. e4 Bg4 11. O-O c6
12. h3 Bxf3 13. Qxf3 {The fact that this queen has reached f3 in one go (and
not in two: Qd1-e2xf3 as in some lines) is favorable for White.} O-O 14. Rd1
cxd5 15. Nxd5 Nbxd5 16. Be3 $5 $146 {[%mdl 8] An important novelty in a
well-known theoretical position! White develops his bishop not hurrying with
e4xd5 and therefore not allowing ...Ne7-f5.} (16. exd5 Nf5 {[%cal Yf5d6,Yf5d4]}
17. d6 {is the main theoretical line.}) 16... Nc6 {I don't like this move
allowing Rxd5.} (16... f5 $5 17. exd5 Qd6 {needs examination in practice.}) 17.
Rxd5 Qf6 (17... Qc7 18. Rc1 $5) 18. Qg4 $1 {[%cal Ch7h5,Ch5g4,Rg4d7,Rd5d7]} Qe6
{These double pawns will become a serious weakness but Black had no better
option.} (18... Rad8 $4 19. Bg5) 19. Qxe6 fxe6 20. Rd6 Rfd8 21. Rxe6 $5 {
[%mdl 512] An interesting decision. White sacrifices an exchange for a pawn,
further destroying Black's pawn structure. Besides, White's bishop pair
becomes extremely powerful.} (21. Rxd8+ Rxd8 22. Rc1 {was a "normal"
continuation.}) 21... Kf7 22. Rxc6 bxc6 23. Rc1 Rac8 (23... Rd6 $142 $5) 24.
Bf1 Bf8 {Black immediately gives up another pawn to activate his pieces.} (
24... Rc7 {was still possible.}) 25. Bxa7 Rd2 26. Ba6 Ra8 27. Be3 Rxb2 28. Rxc6
$16 {The material advantage is now on White's side; his bishops are powerful
and Black's e5 pawn is weak.} Kg7 29. Bg5 $6 (29. Rc7+ $142 Kh8 30. Bc4 Rc2 31.
Bg5 {-game}) 29... Kh8 $6 {Missing a tactical chance:} (29... Bc5 $1 30. Bf6+ (
30. Rxc5 Rxa6 31. Rc7+ Kg8 32. Bh6 Raxa2 {is harmless}) 30... Kh6 31. Bxe5 Rxa6
$1 32. Bf4+ (32. Rxa6 Rxf2 33. Rc6 Be3 $1 $11) 32... Kg7 33. Rxa6 Rxf2 34. Rc6
Rxf4+ 35. Rxc5 Rxe4 {and Black shouldn't lose.}) 30. Bc4 Rc2 31. Rc7 Bg7 32. a4
h6 33. Be7 Re8 34. Bd6 Bf8 35. Bb5 Rxc7 36. Bxc7 Re6 37. a5 Bc5 38. Bb8 Kh7 39.
Kg2 Re7 40. a6 Ba7 41. Bd6 Re6 42. Bc7 Re7 43. Bd8 $2 {One inaccurate move -
and the advantage has gone.} (43. Ba5 $142 {then trying to bring the king to
the q-side}) 43... Rf7 44. f4 (44. f3 Rf8 45. Ba5 Rb8 {with a sudden
counterattack.}) 44... exf4 45. gxf4 Rxf4 46. e5 Rf2+ 47. Kg3 Rb2 48. Bc6 Bb8
$2 (48... Rb3+ {was the correct solution. Black has no reason to play for a
win but White can't avoid the perpetual either:} 49. Kg2 (49. Kf4 Rb4+ 50. Kf3
Rb3+ 51. Ke4 Rb4+) 49... Re3 $1 50. Bf6 Bd4 $11) 49. Kf3 Bxe5 $2 {A strange
decision. With an extra piece White easily wins. Still after} (49... Rc2 50.
Bb7 Rc3+ 51. Ke4 Rxh3 52. e6 {Black could hardly survive.}) 50. a7 Ra2 51. a8=Q
Rxa8 52. Bxa8 {Black can't exchange the white h3 pawn. Hope for the "wrong
corner" is also vain.} Kg7 53. Bc6 Ba1 54. Be8 Bb2 55. Ke4 Ba1 56. Kd5 Bb2 57.
Ke6 Ba1 58. Be7 Bb2 59. Bf7 Ba1 60. Ba3 Bc3 61. Ke7 Bf6+ 62. Ke8 h5 63. Bf8+
Kh7 64. Bd5 {White now captures both of Black's pawns then moves his pawn to
h6 following by a decisive Bg7 (with his king on f7, of course).} 1-0

[Event "Bundesliga 0405"]
[Site "Germany"]
[Date "2005.03.12"]
[Round "12.1"]
[White "Nielsen, Peter Heine"]
[Black "Carlsen, Magnus"]
[Result "1-0"]
[WhiteElo "2663"]
[BlackElo "2581"]
[Annotator "Krasenkow,M"]
[PlyCount "67"]
[EventDate "2004.11.12"]
[EventType "team-tourn"]
[EventRounds "15"]
[EventCountry "GER"]
[SourceTitle "CBM 106"]
[Source "ChessBase"]
[SourceDate "2005.06.06"]
[SourceVersion "1"]
[SourceVersionDate "2005.06.06"]
[SourceQuality "1"]
[WhiteTeam "Wattenscheid"]
[BlackTeam "Neukoelln"]
[WhiteTeamCountry "GER"]
[BlackTeamCountry "GER"]

{[%mdl 2049]} 1. Nf3 Nf6 2. c4 g6 3. g3 Bg7 4. Bg2 O-O 5. O-O d5 6. cxd5 Nxd5
7. Nc3 Nc6 8. d4 Nb6 9. e3 Re8 10. d5 Na5 11. Nd4 Bd7 12. e4 c6 13. Re1 {
This move is more ambitious than the old} (13. b3 {, which allows Black to
break loose by} cxd5 14. exd5 e6) 13... cxd5 14. exd5 Rc8 (14... Nac4 15. b3
Nd6 16. Bf4 Rc8 {-see below and CBM 105}) 15. Bf4 Nbc4 $6 {This is hardly good.
Tactical tricks don't work and the a5 knight remains out of play. Other
possibilities:} (15... Nac4 16. b3 Nd6 {Black improves the position of his
knight.} (16... Nb2 $6 17. Qd2 Bf5 18. Ncb5 $1 Nd3 19. Nxf5 Nxe1 20. Nxg7 Nxg2
21. Be5 Rf8 22. Kxg2 a6 23. Nc3 $16 {Ftacnik}) (16... Bg4 $5 17. Qxg4 Bxd4 18.
Bd2 (18. Rac1 Nd6 19. Bd2 Bf6 (19... Nf5 $5 20. Nb5 Rxc1 21. Bxc1 Bg7 22. Nxa7
Nxd5 23. Nb5 Qd7 24. a4 e6 $132 {Ftacnik}) 20. h4 Qd7 21. Qb4 Nf5 22. Ne4 Nxd5
23. Nxf6+ Nxf6 24. Rxc8 Rxc8 25. Bg5 $44 {1-0 Miton,K-Bobras,P/Lubniewice 2003/
EXT 2004 (45)}) 18... Bf6 19. bxc4 Nxc4 20. d6 Nxd2 21. d7 Rxc3 22. dxe8=Q+
Qxe8 23. Rac1 $14 {1/2-1/2 Karpov,A-Ivanchuk,V/Wijk aan Zee 2003/CBM 093 (39)})
17. Qd2 (17. Rc1 Bg4 $5 (17... Nf5 18. Nde2 Na8 19. Qd2 Qb6 20. Ne4 e5 21. dxe6
Bxe6 22. Bg5 $14 {1-0 Cvitan,O-Milu,R/Medulin 2002/CBM 090 ext (26)}) 18. Qd2
Rxc3 19. Qxc3 Nb5 20. Nxb5 Bxc3 21. Nxc3 Qd7 22. a4 $44 {1/2-1/2 Filippov,
V-Johannesson,I/Izmir 2004/CBM 104 no vc (50)}) 17... Nf5 (17... Na8 {[%cal
Yd8a5]} 18. Rad1 (18. Be5 Bxe5 19. Rxe5 Qa5 20. Re3 Nc7 21. a4 (21. Rae1 Ncb5
22. Ndxb5 Nxb5 23. Ne4 Qxd2 24. Nxd2 Kf8 25. Nc4 $14 {Ftacnik}) 21... Na6 22.
Rae1 Qb4 23. R1e2 Bg4 24. Re1 Bd7 25. h4 Nc5 $132 {0-1 Tkachiev,V-Ye
Jiangchuan/Shanghai 2001/CBM 085/[Ftacnik] (48)}) 18... Qa5 19. Ne4 Qxd2 20.
Rxd2 Nc7 21. Bxd6 exd6 22. Rf1 Bb5 23. Nxd6 Bxf1 24. Bxf1 Nxd5 25. Nxc8 Rxc8
26. Nf5 gxf5 27. Rxd5 f4 28. Rd7 $16 {1-0 Rogozenko,D-Ftacnik,L/Hamburg 2004/
CBM 100 ext (61)}) (17... Bf5 18. a4 a6 19. Rac1 Qd7 20. h4 Bh3 21. Bh1 h5 22.
Kh2 Bg4 23. Bg2 Nf5 24. Nxf5 Bxf5 25. d6 $1 exd6 26. Rxe8+ Rxe8 27. a5 Nc8 28.
Nd5 $16 {1-0 Miton,K-Kempinski,R/Warsaw 2003/CBM 095/[Ftacnik] (35)}) 18. Nde2
(18. Nce2 Nxd4 (18... e5 19. dxe6 Bxe6 20. Rad1 Nxd4 21. Nxd4 Bg4 22. Bxb7 {
1/2-1/2 Kresz,L-Kopasov,E/Chessfriend.com 2003/Telechess CBM 97}) 19. Nxd4 Bg4
20. h3 e5 21. hxg4 exf4 22. Rxe8+ Qxe8 23. Qxf4 Rd8 $15 {Ftacnik}) 18... h6 $5
(18... e5 19. dxe6 Bxe6 20. Qxd8 Rexd8 21. Rac1 Rd7 22. Ne4 Rxc1 23. Rxc1 Nd4
24. Nxd4 Bxd4 25. Bb8 a5 26. Ba7 $14 {1-0 Filippov,V-Nedev,T/Istanbul 2003/CBM
096 (53)}) 19. h4 h5 20. Rac1 Rc5 21. Red1 Nc8 22. Ne4 Rxc1 23. Rxc1 Ncd6 24.
Nc5 Bc8 25. Nd3 Qb6 26. Ne5 (26. Be5 Bh6 27. Bf4 Bg7 28. Be5 Bh6 29. Bf4 Bg7 {
1/2-1/2 Hauchard,A-Nataf,I/Montreal CAN 2005/The Week in Chess 533}) 26... Rd8
27. Qc3 Bd7 28. Qc7 Qxc7 29. Rxc7 Bb5 30. Nc3 Ba6 31. Ne4 Bxe5 32. Bxe5 Ne8 33.
Rc1 b6 $11 {0-1 Kuljasevic,D-Kozul,Z/Zagreb 2004/CBM 105 (64) - see
annotations in CBM105}) (15... h6 $5 {[%cal Yg6g5] is interesting to push the
white bishop from its active position:} 16. Be5 (16. h3 g5 17. Bc1 e6 18. dxe6
Bxe6 19. Nxe6 Rxe6 20. Rxe6 Qxd1+ 21. Nxd1 fxe6 22. Kf1 Nd5 23. Rb1 b6 {
1/2-1/2 Khalifman,A-Smirin,I/Togliatti 2003/CBM 094 ext}) (16. Rc1 g5 17. Be3 (
17. Be5 $2 f6 {is the point!}) 17... Nac4 18. b3 Nxe3 19. Rxe3 Qc7 20. Qd3 Qd6
21. Nf5 Qa3 22. Rc2 Bxc3 23. Nxh6+ Kg7 24. Nxf7 Qa6 25. Qe4 Bf6 26. Ne5 Kf8 27.
Qg6 Bxe5 28. Rf3+ Bf6 29. Rxf6+ {1/2-1/2 Ilic,Z-Yermolinsky,A/San Francisco
2003/EXT 2004}) 16... Bxe5 17. Rxe5 Nbc4 18. Re1 Nxb2 19. Qd2 Qb6 20. Ne6 g5
21. Re5 fxe6 22. Rxg5+ hxg5 23. Qxg5+ Kf7 24. Qh5+ Kg7 25. Qg5+ Kf7 26. Qf4+
Kg7 27. Qg5+ {1/2-1/2 Grischuk,A-Timofeev,A/Moscow 2004/CBM 104}) 16. b3 Nb2 {
This tactical idea meets a very nice riposte in the present game. The other
option was} (16... Qb6 {[%csl Ra5] (a logical consequence of the previous move
but White is better anyway)} 17. Nce2 Na3 (17... Nd6 18. Qd2 Nf5 19. Nxf5 Bxf5
20. Rac1 e5 21. Be3 Qa6 22. Bf1 b5 23. Nc3 Bd7 24. Ne4 $16 {1-0 Merrifield,
D-Clark,R/Chessfriend.com 2004/Telechess CBM 103 (29)}) 18. Qd2 e5 19. dxe6
Bxe6 20. Rac1 {[+]} Bg4 21. Rxc8 Rxc8 22. Be3 Rd8 23. Qc1 Qd6 24. h3 Bxe2 25.
Nxe2 b6 26. Nf4 $16 h6 $2 27. Nd5 g5 28. Bd2 Nc6 29. b4 $2 (29. f4 $1 $18)
29... Nb5 {1/2-1/2 Tania,S-Ganguly,S/Mumbai 2003/CBM 093 ext}) 17. Qd2 Nac4 18.
bxc4 Nxc4 19. Qd3 Nb2 20. Qe3 Nc4 {Repetition of moves? No!} {[%tqu "En","How
to evade the repetition of moves?","","","e3e4","",100]} 21. Qe4 $1 {[%mdl
2048]} f5 22. Qd3 Nb2 23. Qd2 Nc4 24. Qd1 $1 Nb2 25. Qb3 $1 Bxd4 26. d6+ {
This is the point!} e6 (26... Kg7 27. Qxb2 Bxc3 28. Be5+ $18) 27. Nd5 $1 {
[%csl Gd6][%cal Cd7a4,Ca4b3,Rd5c7,Rd5e7] Black is temporarily a pawn up but
White creates very dangerous threats with the help of his d6 pawn. The
position is full of tactics.} Ba4 (27... Rc5 28. Nc7 Ba4 29. Qa3 $16) (27...
Nc4 28. Ne7+ Rxe7 29. dxe7 Qxe7 30. Rad1 Qc5 31. Qxb7 Bxf2+ $140 32. Kh1 Bxe1
33. Qxd7 Bc3 $8 34. Rc1 Bg7 35. Bb7 $18) 28. Qxb7 Nd3 {Looks dangerous but...}
29. Ne7+ Kh8 $6 (29... Rxe7 $142 $1 {; still, White is better after} 30. dxe7
Qe8 (30... Qd7 31. Qxd7 Bxd7 32. Rad1 $1 Bxf2+ 33. Kh1 Nxe1 $8 34. Rxd7 Bb6 35.
Bc6 Kf7 36. Bg5 Rxc6 37. Rd8 $18) 31. Qa6 $1 Bxf2+ 32. Kh1 Nc5 (32... Bxe1 33.
Qxe6+ Kg7 34. Rxe1 Bc6 $5 35. Kg1 $1 Bxg2 (35... Nxe1 36. Be5+ Kh6 37. Qf6 $18)
36. Qxc8 Qxc8 37. e8=Q Qc5+ 38. Be3 Qd6 39. Rb1 Bc6 40. Qb8 $18) 33. Qxa7 Bxe1
34. Rxe1 Bc6 35. Rd1 $16 {[%csl Ga2,Ge7]}) 30. Be3 $1 {This parries Black's
counterthreats and reminds him of the a1-h8 diagonal.} Rc4 $2 {Losing at once.}
(30... Qxd6 $2 31. Nxc8 $18) (30... Bxe3 $2 31. Rxe3 Rb8 32. Qc7 $18 {[%cal
Re3d3,Rc7c3]}) (30... Bxa1 31. Rxa1 Rb8 32. Qa6 Bb5 (32... Qd7 33. Bf1 $1 $18)
33. Qa3 $16 {[%csl Rh8][%cal Oe3a7,Ra3d3]} Qd7 34. Bxa7 $1 Rbd8 35. Qxd3 $1
Rxe7 36. Qc3+ Rg7 37. Bd4 $18) (30... Bc3 31. Reb1 $1 Rb8 32. Qa6 Bc2 33. Rxb8
Qxb8 34. Rf1 {and Black can't protect all his weaknesses.}) 31. Qa6 $1 Nxe1 (
31... Nb2 32. Qxc4 $1 {The point!} Nxc4 33. Bxd4+ e5 34. Rxe5 Kg7 35. Re6+ Kh6
36. Nxf5+ Kh5 (36... Kg5 37. h4+ Kg4 38. f3+ Kxf5 39. Bh3#) 37. f4 Kg4 38. Nh6+
Kh5 39. Nf7 Kg4 40. Nxd8 $18) 32. Qxc4 Bxa1 33. Bd4+ e5 34. Qe6 $1 1-0